00895cam a22002651 4500001001300000003000400013005001700017008004100034010001700075035001900092040002600111042001200137050001800149100002400167245005400191260006600245300003600311490007700347504002500424650002700449650003200476650003100508830007300539999001700612gs 52000203 DLC20260227111359.0790612s1952 sdub b s000 0 eng  ags 52000203  a(OCoLC)5058269 aDLCcTxCMdOCoLCdDLC apremarc00aGB1025.S8bB31 aBarkley, Raymond C.10aArtesian conditions in southeastern South Dakota. aVermillion, South Dakota,bUniversity of South Dakota,c1952. a71 p.bmaps (2 fold. in pocket)1 aSouth Dakota. State Geological Survey. Report of investigations,vno. 71 aBibliography: p. 71. 0aGeologyzSouth Dakota. 0aWater-supplyzSouth Dakota. 0aGroundwaterzSouth Dakota. 0aReport of investigations (South Dakota Geological Survey) ;vno. 71. c28658d28658